000 00834cab a2200289 4500
001 WB3040-76
008 090401t1994 xxu||||| |||| 00| 0 eng d
035 _a(Sirsi) u76013
041 _aeng
245 4 _aThe Crown Estate
260 _c1994
300 _aLOAN
350 _a0
490 _aTimes
_v27 October 1994, 40-42(3)
520 _aA Times Focus on The Crown Estate looking at the business aspects of the landed estate, including commercial forests, Regent Street, the urban, agricultural and foreshore estate.
650 _aCOMMERCIAL FORESTS
650 _aCROWN ESTATE
650 _aFORESHORE
650 _aLANDED ESTATES
650 _aNATIONAL HERITAGE
650 _aPROFILES
650 _aREGENT STREET
650 _aURBAN ESTATE
690 _aSPECIAL REPORTS
942 _n0
948 _c04/03/1997
999 _c47826
_d47826